Normal view
MARC view
Entry Nombre personal
001 - NÚMERO DE CONTROL
- campo de control: 85048
003 - IDENTIFICADOR DEL NÚMERO DE CONTROL
- campo de control: BNPHU
005 - FECHA Y HORA DE LA ÚLTIMA TRANSACCIÓN
- campo de control: 20240314142901.0
008 - DATOS DE LONGITUD FIJA
- campo de control de longitud fija: 240314|| aca||aabn | a|a d
010 ## - NÚMERO DE CONTROL DE LA BIBLIOTECA DEL CONGRESO
- Número de control de LC: n 80032761
040 ## - FUENTE DE LA CATALOGACIÓN
- Centro catalogador/agencia de origen: DO-SdBNP
- Lengua de catalogación: spa
- Centro/agencia transcriptor: BNPHU
100 1# - ENCABEZAMIENTO-NOMBRE DE PERSONA
- Nombre de persona: Smith, Adam,
- Fechas asociadas al nombre: 1723-1790
370 ## - LUGAR ASOCIADO
- Lugar de nacimiento: Kirkcaldy (Escocia)
- Lugar de fallecimiento: Edimburgo (Escocia)
- País asociado: Escocia
372 ## - CAMPO DE ACTIVIDAD
- Campo de actividad: Economía
- Campo de actividad: Ética
- Campo de actividad: Filosofía
374 ## - OCUPACIÓN
- Ocupación: Economista
- Ocupación: Ético
- Ocupación: Filósofo
375 ## - GÉNERO/SEXO
- Género/Sexo: Masculino
377 ## - LENGUA/LENGUAJE ASOCIADO
- Código del idioma: eng
- Término de lengua/lenguaje: Ingles
400 1# - TRAZADO DE VÉASE--NOMBRE DE PERSONA
- Nombre de persona: Smit, Adam,
- Fechas asociadas al nombre: 1723-1790
670 ## - FUENTE DE DATOS ENCONTRADOS
- Cita de la fuente: Wikipedia, 9 de abril de 2014
- Información encontrada: (Adam Smith (5 de junio de 1723 OS (16 de junio de 1723 NS) -17 de julio de 1790) fue un filósofo moral escocés y pionero de la economía política. Una de las figuras clave de la Ilustración escocesa. , Smith es mejor conocido por dos obras clásicas: La teoría de los sentimientos morales (1759) y Una investigación sobre la naturaleza y las causas de la riqueza de las naciones (1776); nacido en Kirkcaldy, Fife, Escocia; fallecido en Edimburgo, Escocia; nacionalidad: Británico (escocés); región: Filosofía occidental; escuela: Economía clásica; intereses principales: Filosofía política, ética, economía; estudió filosofía social en la Universidad de Glasgow y en Balliol College, Oxford; en 1762, la Universidad de Glasgow confirió a Smith el título de Doctor en Derecho (LL.D.))
670 ## - FUENTE DE DATOS ENCONTRADOS
- Identificador Uniforme del Recurso: https://viaf.org/processed/LC%7Cn%20%2080032761 En: 14/03/2024
